000 01016nam a2200313 a 4500
999 _c19541
_d19541
001 1121367
003 BDDh-ASL
005 20231015025804.0
008 940128s1993 ii b f001 0 eng
010 _a 93908015
020 _a8185636036 :
_cRs140.00
025 _aI-E-72478
040 _aDLC
_cDLC
_dBDDh-ASL
042 _alcode
043 _aa-ii---
050 0 0 _aBL1241.56
_b.G36 1993
082 0 0 _a294.55
_220
_bGAP
100 1 _aGanapathy, T. N.
245 1 4 _aThe philosophy of the Tamil Siddhas /
_cT.N. Ganapathy.
260 _aNew Delhi :
_bIndian Council of Philosophical Research :
_bDistributed by Affiliated East West Press,
_c1993.
300 _axiii, 233 p. ;
_c22 cm.
504 _aIncludes bibliographical references (p. [207]-220) and index.
650 0 _aTamil Siddhas.
650 0 _aPhilosophy, Indic.
710 2 _aIndian Council of Philosophical Research.
906 _a7
_bcbc
_corigode
_d2
_encip
_f19
_gy-gencatlg
942 _2ddc
_cBK